00503nam a2200169 a 4500003000400000005001700004008004100021020001500062050002500077100002200102245005100124260004100175300002100216500004400237521000800281650004400289OSt20140310183627.0000519s19uu xx 00 eng d a0844247391 aKF 297.Z9b.C36 1997 aCamenson, Blythe. aReal people working in law /cBlythe Camenson. aU.S.A :bVGM Career Horizons,c1997. a139 p. :c28 cm. aSeries: On The Job (Lincoln Wood, ill.) aTOU aLawxVocational guidancexUnited States